The Zora Trigger; (Record no. 215714)

MARC details
000 -LEADER
fixed length control field 00843nam a22002537a 4500
003 - CONTROL NUMBER IDENTIFIER
control field dpl
005 - DATE AND TIME OF LATEST TRANSACTION
control field 20260323112611.0
008 - FIXED-LENGTH DATA ELEMENTS--GENERAL INFORMATION
fixed length control field 181110b ||||| |||| 00| 0 eng d
010 ## - LIBRARY OF CONGRESS CONTROL NUMBER
LC control number ENG-147958
016 ## - NATIONAL BIBLIOGRAPHIC AGENCY CONTROL NUMBER
Record control number EN-131490
020 ## - INTERNATIONAL STANDARD BOOK NUMBER
Terms of availability 375.00
International Standard Book Number 9788197613555
037 ## - SOURCE OF ACQUISITION
Source of stock number/acquisition Cen Lib/Ret
040 ## - CATALOGING SOURCE
Original cataloging agency DPL
Language of cataloging EN
Transcribing agency 0
082 ## - DEWEY DECIMAL CLASSIFICATION NUMBER
Classification number S
Item number GAD
100 ## - MAIN ENTRY--PERSONAL NAME
Personal name Gole, Priya Nayak
9 (RLIN) 102479
245 ## - TITLE STATEMENT
Title The Zora Trigger;
Remainder of title Code Name: Deception/
Statement of responsibility, etc by Priya Nayak Gole
Medium English
250 ## - EDITION STATEMENT
Edition statement 1
Remainder of edition statement 1
260 ## - PUBLICATION, DISTRIBUTION, ETC. (IMPRINT)
Place of publication, distribution, etc Maharashtra
Name of publisher, distributor, etc Vishwakarma Publications
Date of publication, distribution, etc 2025
270 ## - ADDRESS
Address 34A/1, Suyog Center, 7th Floor, Gultekadi Marketyard Road, Giridhar Bhavan Chauk, Pune: 411037, Maharashtra, India.
City Pune
Postal code 411037
300 ## - PHYSICAL DESCRIPTION
Extent 256p.
Dimensions 21cm(pbk)
Other physical details ill.
650 ## - SUBJECT ADDED ENTRY--TOPICAL TERM
Topical term or geographic name as entry element English fiction
9 (RLIN) 102480
650 ## - SUBJECT ADDED ENTRY--TOPICAL TERM
Topical term or geographic name as entry element Fantasy fiction, English
9 (RLIN) 102481
942 ## - ADDED ENTRY ELEMENTS (KOHA)
Source of classification or shelving scheme Dewey Decimal Classification
Koha item type English Books
Call number suffix GOL
Call number prefix N
Holdings
Withdrawn status Lost status Source of classification or shelving scheme Damaged status Not for loan Collection code Home library Current library Date acquired Source of acquisition Cost, normal purchase price Total Checkouts Full call number Barcode Date last seen Copy number Cost, replacement price Price effective from Koha item type
    Dewey Decimal Classification     Fiction Sarojini Nagar Sarojini Nagar 23/03/2026 Delivery Of Books Act Division 375.00   GOL EN-131490 23/03/2026 1 375.00 23/03/2026 English Books

© Delhi Public Library
Hit Counter
free hit counter